000 00308nam a22001337a 4500
008 170303b xxu||||| |||| 00| 0 eng d
020 _a9780323047272
041 _aeng
080 _23RD
_a616.073
100 _a6
101 _aSHM
245 _aRADIOGRAPHIC IMAGING & EXPOSURE
_cFAUBER, T.L
942 _2udc
_cBK
999 _c6698
_d6698